| 000 | 00741nam a22002657a 4500 | ||
|---|---|---|---|
| 001 | |||
| 003 | DO-SdBNP | ||
| 005 | 20230228124106.0 | ||
| 007 | 001247 | ||
| 008 | 160915b 2001 mx ||| 00| 0 spa d | ||
| 020 | _a9681908139 | ||
| 040 |
_aBPMSU _bspa _cBPMSU |
||
| 082 | 4 |
_a306.772 _bR877p 2001 _222 |
|
| 100 | 1 | _aTowan, Edward L. | |
| 245 | 1 | 4 |
_aLos placeres del autoerotismo / _cEdward L. Rowan ; traductora Eunice Cortés |
| 260 |
_aMéxico : _bAlamah, _c2001 |
||
| 300 |
_a265 p. ; _b23 cm. |
||
| 504 | _aBibliografía : 255-265 p. | ||
| 590 | _6Inventariado, 2023/VM | ||
| 650 | 4 | _a Masturbación | |
| 650 | 4 | _aPlacer | |
| 700 | 1 |
_aCortés, Eunice _etr. |
|
| 910 | _aVMateo V. Control de calidad (BPMSU) | ||
| 942 |
_2ddc _cBK |
||
| 999 |
_c11406 _d11406 |
||